Justice indicators and criminal justice reform : (ระเบียนเลขที่ 75508)
| 000 -LEADER | |
|---|---|
| fixed length control field | 00842nam a22002417a 4500 |
| 005 - DATE AND TIME OF LATEST TRANSACTION | |
| control field | 20210325214015.0 |
| 008 - FIXED-LENGTH DATA ELEMENTS--GENERAL INFORMATION | |
| fixed length control field | s2015 eng d |
| 020 ## - INTERNATIONAL STANDARD BOOK NUMBER | |
| International Standard Book Number | 9780986879920 |
| 040 ## - CATALOGING SOURCE | |
| Original cataloging agency | NALT |
| 041 ## - LANGUAGE CODE | |
| Language code of text/sound track or separate title | eng |
| 050 ## - LIBRARY OF CONGRESS CALL NUMBER | |
| Classification number | |
| 090 ## - LOCALLY ASSIGNED LC-TYPE CALL NUMBER (OCLC); LOCAL CALL NUMBER (RLIN) | |
| Classification number (OCLC) (R) ; Classification number, CALL (RLIN) (NR) | KU 13 |
| Local cutter number (OCLC) ; Book number/undivided call number, CALL (RLIN) | D36J 2015 |
| 100 1# - MAIN ENTRY--PERSONAL NAME | |
| Personal name | Dandurand, Yvon |
| 9 (RLIN) | 37533 |
| 245 10 - TITLE STATEMENT | |
| Title | Justice indicators and criminal justice reform : |
| Remainder of title | reference tool / |
| Statement of responsibility, etc. | Yvon Dandurand, Kittipong Kittayarak, Alison MacPhail. |
| 260 ## - PUBLICATION, DISTRIBUTION, ETC. | |
| Place of publication, distribution, etc. | Bangkok : |
| Name of publisher, distributor, etc. | Thailand Institute of Justice, |
| Date of publication, distribution, etc. | 2015. |
| 300 ## - PHYSICAL DESCRIPTION | |
| Extent | 55 p. : |
| Other physical details | chart, tables ; |
| Dimensions | 28 cm. |
| 650 #0 - SUBJECT ADDED ENTRY--TOPICAL TERM | |
| Topical term or geographic name entry element | Criminal justice, Administration of |
| 9 (RLIN) | 37536 |
| General subdivision | Indicators |
| 700 0# - ADDED ENTRY--PERSONAL NAME | |
| 9 (RLIN) | 37534 |
| Personal name | Kittipong Kittayarak |
| 700 1# - ADDED ENTRY--PERSONAL NAME | |
| 9 (RLIN) | 37535 |
| Personal name | MacPhail, Alison |
| 850 ## - HOLDING INSTITUTION | |
| Holding institution | NALT |
| 942 ## - ADDED ENTRY ELEMENTS (KOHA) | |
| Koha item type | Law Book |
| Source of classification or shelving scheme | Local Classification |
| Withdrawn status | Lost status | Source of classification or shelving scheme | Damaged status | Not for loan | Collection code | Home library | Current library | Source of acquisition | Total Checkouts | Full call number | Barcode | Date last seen | Price effective from | Koha item type |
|---|---|---|---|---|---|---|---|---|---|---|---|---|---|---|
| Local Classification | Law Book collection | National Assembly Library of Thailand | National Assembly Library of Thailand | บริจาค | KU 13 D36J 2015 | 3961202366 | 09/06/2017 | 09/06/2017 | Law Book |
